| 000 | 00900nac a22002171u 4500 | ||
|---|---|---|---|
| 010 | _a 2001025766 | ||
| 020 | _a0521800935 | ||
| 020 | _a052180499X (pbk.) | ||
| 082 | 0 | 0 |
_a621.36 _bM3185 |
| 090 |
_c2206 _d2206 |
||
| 100 | _aMasud Mansuripur, | ||
| 245 | 1 | 0 |
_aClassical optics and its applications / _cMasud Mansuripur. |
| 260 |
_aCambridge, UK ; _aNew York, NY : _bCambridge University Press,2002 _c2002. |
||
| 300 |
_aix, 502 p. : _bill. ; _c26 cm. |
||
| 504 | _aIncludes bibliographical references and index. | ||
| 650 | 0 | _aOptics. | |
| 856 | 4 | 2 |
_3Publisher description _uhttp://www.loc.gov/catdir/description/cam021/2001025766.html |
| 856 | 4 | 2 |
_3Table of contents _uhttp://www.loc.gov/catdir/toc/cam021/2001025766.html |
| 942 |
_cBB _k621.36M3185 |
||
| 999 |
_c2206 _d2206 |
||